Computer Aided Design and Manufacturing /

Broad coverage of digital product creation, from design to manufacture and process optimization This book addresses the need to provide up-to-date coverage of current CAD/CAM usage and implementation. It covers, in one source, the entire design-to-manufacture process, reflecting the industry trend t...

Full description

Bibliographic Details
Main Authors: Bi, Zhuming (Author), Wang, Xiaoqin (Author)
Corporate Author: Safari, an O'Reilly Media Company
Format: eBook
Language:English
Published: Wiley-ASME Press Series, 2020.
Edition:1st edition.
Subjects:
Online Access:Connect to this electronic resource

MARC

Tag First Indicator Second Indicator Subfields
LEADER 00000uam a2200000 a 4500
001 in00004440708
005 20260128182048.2
006 m o d
007 cr cn
008 261020s2020 xx o eng
020 |z 9781119534211 
020 |z 9781119534242 
024 8 |a 9781119534211 
035 |a (CaSebORM)9781119534211 
040 |d UtOrBLW 
041 0 |a eng 
100 1 |a Bi, Zhuming,  |e author.  |0 http://id.loc.gov/authorities/names/no2019062487 
245 1 0 |a Computer Aided Design and Manufacturing /  |c Bi, Zhuming. 
250 |a 1st edition. 
264 1 |b Wiley-ASME Press Series,  |c 2020. 
300 |a 1 online resource (640 pages) 
336 |a text  |b txt  |2 rdacontent 
337 |a computer  |b c  |2 rdamedia 
338 |a online resource  |b cr  |2 rdacarrier 
347 |a text file 
520 |a Broad coverage of digital product creation, from design to manufacture and process optimization This book addresses the need to provide up-to-date coverage of current CAD/CAM usage and implementation. It covers, in one source, the entire design-to-manufacture process, reflecting the industry trend to further integrate CAD and CAM into a single, unified process. It also updates the computer aided design theory and methods in modern manufacturing systems and examines the most advanced computer-aided tools used in digital manufacturing. Computer Aided Design and Manufacturing consists of three parts. The first part on Computer Aided Design (CAD) offers the chapters on Geometric Modelling; Knowledge Based Engineering; Platforming Technology; Reverse Engineering; and Motion Simulation. The second part on Computer Aided Manufacturing (CAM) covers Group Technology and Cellular Manufacturing; Computer Aided Fixture Design; Computer Aided Manufacturing; Simulation of Manufacturing Processes; and Computer Aided Design of Tools, Dies and Molds (TDM). The final part includes the chapters on Digital Manufacturing; Additive Manufacturing; and Design for Sustainability. The book is also featured for being uniquely structured to classify and align engineering disciplines and computer aided technologies from the perspective of the design needs in whole product life cycles, utilizing a comprehensive Solidworks package (add-ins, toolbox, and library) to showcase the most critical functionalities of modern computer aided tools, and presenting real-world design projects and case studies so that readers can gain CAD and CAM problem-solving skills upon the CAD/CAM theory. Computer Aided Design and Manufacturing is an ideal textbook for undergraduate and graduate students in mechanical engineering, manufacturing engineering, and industrial engineering. It can also be used as a technical reference for researchers and engineers in mechanical and manufacturing engineering or computer-aided technologies. 
533 |a Electronic reproduction.  |b Boston, MA :  |c Safari,  |n Available via World Wide Web.  |d 2020. 
538 |a Mode of access: World Wide Web. 
542 |f Copyright © 2020 by John Wiley and Sons  |g 2020 
550 |a Made available through: Safari, an O'Reilly Media Company. 
588 0 |a Online resource; Title from title page (viewed April 6, 2020) 
500 |a Electronic resource. 
655 7 |a Electronic books.  |2 local 
700 1 |a Wang, Xiaoqin,  |e author.  |0 http://id.loc.gov/authorities/names/no2001096584 
710 2 |a Safari, an O'Reilly Media Company. 
856 4 0 |u https://proxy.library.tamu.edu/login?url=https://go.oreilly.com/TAMU/library/view/-/9781119534211/?ar  |z Connect to this electronic resource  |t 0 
999 f f |s cf5c1ddd-bb6e-34ba-8865-47c3f0c9b237  |i a1915532-d08f-314f-80e3-7e86e2016b19  |t 0 
952 f f |a Texas A&M University  |b College Station  |c Electronic Resources  |s www_evans  |d Available Online  |t 0  |h No information provided 
998 f f |t 0  |l Available Online